Дело об остатке от сметных назначений 1910 года

Доступно только в Электронных читальных залах Найти на картеНа карте
RUSMARC
00003661nmc2a22002413x 450
001d6757ee3-83eb-4098-b445-51e2c7c8e3a1
00520201018175511.0
100##$a20200317l19101912k l0rusy0189 ca
1010#$arus
102##$aRU
105##$ay###
1222#$ad
2001#$aДело об остатке от сметных назначений 1910 года
$j13 февраля 1910 г. - 10 мая 1912 г.
215##$a292 л.
$d36,5х26 см
251##$cДело
300##$aДело
371##$aДокумент не является опубликованным и широко распространяемым
461#0$1001a74412a3-3cc5-4d21-8f0a-dfe2fbd9e72d
$12001
$aДепартамент народного просвещения Министерства народного просвещения (1803-1917)
$1251
$cФонд
$1852
$j733
462#0$100183b7be38-9039-4a55-aea0-0d9bd5775b1a
$12001
$aДела разряда учительских институтов, семинарий и низших учебных заведений
$1251
$cОпись
$1852
$j177
801#0$aRU
$bРГИА
$c20200317
$gRCR
801#1$aRU
$bГлавНИВЦ
$c20200317
$2rusmarc
801#2$aRU
$bПБ им. Б.Н. Ельцина
$c20201018
$gRCR
$2rusmarc
850##$aРГИА
852##$aРГИА
$eФедеральное казенное учреждение "Российский государственный исторический архив" (РГИА)
$j374
937##$hРГИА
$d12340933
$aASBIBLIO_SCAN
035##$aRusGRCC00002843
856##$uhttp://readingroom.main.prlib.ru/item.aspx?id_node=n148922376&mode=full
Формат отображения